| 000 | 02424cam a2200589Ii 4500 | ||
|---|---|---|---|
| 999 |
_c6723 _d6723 |
||
| 001 | 455275 | ||
| 003 | GBCCL | ||
| 005 | 20241126110609.0 | ||
| 008 | 761004s1975 nyub bd 001 0 gre d | ||
| 020 |
_a3438051109 _q(vinyl) |
||
| 020 |
_a9783438051103 _q(vinyl) |
||
| 020 |
_a3438051117 _q(leather) |
||
| 020 |
_a9783438051110 _q(leather) |
||
| 029 | 1 |
_aAU@ _b000023074633 |
|
| 029 | 1 |
_aDEBBG _bBV013312595 |
|
| 029 | 1 |
_aGBVCP _b01985112X |
|
| 029 | 1 |
_aNZ1 _b12245330 |
|
| 029 | 1 |
_aNZ1 _b3188976 |
|
| 035 | _a(OCoLC)ocm02480294 | ||
| 035 | _a(OCoLC)2480294 | ||
| 040 |
_aUPC _beng _cUPC _dOCL _dOCLCQ _dVFY _dDEBBG _dOCLCQ _dOCLCO _dOCLCF _dOCLCQ _dLBB |
||
| 041 | 0 |
_agre _beng |
|
| 049 | _aLBB1 | ||
| 050 | 4 |
_aBS1965 _b1975 |
|
| 082 | 0 | 4 |
_a225.48 _bGRE _2GRE |
| 084 |
_aBC 2200 _2rvk |
||
| 084 |
_aBC 2203 _2rvk |
||
| 090 |
_aBS1965 _b1975 |
||
| 130 | 0 |
_aBible. _pNew Testament. _lGreek. _f1975. _912029 |
|
| 245 | 1 | 4 |
_aThe Greek New Testament / _cedited by Kurt Aland [and others] in cooperation with the Institute for New Testament Textual Research. |
| 250 | _a3d ed. | ||
| 260 |
_aNew York : _bUnited Bible Societies, _c1975. |
||
| 300 |
_alxii, 918, 203 pages : _bcolor maps (on lining papers) ; _c19 cm |
||
| 336 |
_atext _btxt _2rdacontent |
||
| 337 |
_aunmediated _bn _2rdamedia |
||
| 338 |
_avolume _bnc _2rdacarrier |
||
| 500 | _aIncludes A concise Greek-English dictionary of the New Testament, prepared by Barclay M. Newman, United Bible Societies, London, 1971. | ||
| 500 | _aIncludes indexes. | ||
| 504 | _aIncludes bibliographical references (pages lv-lxii). | ||
| 630 | 0 | 0 |
_aBible. _pNew Testament. _lGreek _vDictionaries. _912030 |
| 630 | 0 | 7 |
_aBible. _pNew Testament. _2fast _0(OCoLC)fst01808090 _91371 |
| 630 | 0 | 7 |
_aNeues Testament. _0(DE-588)4041771-2 _2gnd _97935 |
| 650 | 0 | 7 |
_aGriechisch. _0(DE-588)4113791-7 _2gnd _912031 |
| 650 | 0 | 7 |
_aLatein. _0(DE-588)4114364-4 _2gnd _912032 |
| 655 | 7 |
_aDictionaries. _2fast _0(OCoLC)fst01423826 _93629 |
|
| 700 | 1 |
_aAland, Kurt, _eeditor. _93049 |
|
| 700 | 1 | 2 |
_aNewman, Barclay Moon, _d1931- _tConcise Greek-English dictionary of the New Testament. _912033 |
| 710 | 2 |
_aInstitute for New Testament Textual Research (U.S.) _912034 |
|
| 740 | 0 | 2 | _aConcise Greek-English dictionary of the New Testament. |
| 776 | 0 | 8 |
_iOnline version: _aBible. N.T. Greek. 1975. _tGreek New Testament. _b3d ed. _dNew York : United Bible Societies, 1975 _w(OCoLC)613716493 |
| 942 |
_2ddc _cREF |
||